Slovenské reality špecializovaný dvojtýždenník na predaj, kúpu a prenájom nehnuteľností
| Nový názov: | RealitySK |
|---|---|
| Médium: | Časopis |
| Jazyk: | slovenčina |
| Fyzický popis: | 18 zv. 30 cm |
| Vydavateľské údaje: |
Bratislava
Corint
0/1995-2012
Bratislava Ľubomír Kardoš Slovenské reality Bratislava Slovenské reality |
| Predmet: |
MARC
| LEADER | 00000cas a2200000 a 4500 | ||
|---|---|---|---|
| 001 | vtls008418476 | ||
| 003 | SK-MaSNL | ||
| 005 | 20260228161035.0 | ||
| 008 | 051214d19952012xo sr p 0 b0slo | ||
| 035 | |a (SVKBB03)vtls000062528 | ||
| 040 | |a SVKPO |b slo |c SVKPO |d SNK |d SVKBB |d SNK |e AACR2 | ||
| 041 | 0 | |a slo | |
| 044 | |a xo |c SK | ||
| 072 | 7 | |a 347 |x Súkromné právo |2 konspekt | |
| 072 | 7 | |a 332 |x Regionálna ekonómia, regionálna ekonomika |2 konspekt | |
| 080 | |a 347.214.2 |2 2001 | ||
| 080 | |a 332.7 |2 2001 | ||
| 080 | |a 659 |2 2001 | ||
| 080 | |a 050 |2 2001 | ||
| 080 | |a 655.535.6(051) |2 2011 | ||
| 245 | 0 | 0 | |a Slovenské reality |b špecializovaný dvojtýždenník na predaj, kúpu a prenájom nehnuteľností |
| 246 | 3 | 3 | |a Slovensko a reality |f 3/1996-2012 |
| 260 | 2 | |a Bratislava |b Corint |c 0/1995-2012 | |
| 260 | 3 | |3 8/1997-2012 |a Bratislava |b Ľubomír Kardoš |b Slovenské reality | |
| 260 | 2 | |3 1/1995-7/1997 |a Bratislava |b Slovenské reality | |
| 300 | |a 18 zv. |c 30 cm | ||
| 310 | |a 2x mesačne | ||
| 321 | |a 1x mesačne |b 1996-1997 | ||
| 321 | |a 2x mesačne |b 1999-2012 | ||
| 321 | |a 26x ročne |b 1998 | ||
| 362 | 0 | |a Roč. 1, č. 0 (1995) - roč. 18, č. 10 (2012) | |
| 500 | |a V tiráži uvedený podnázov: špecializovaný časopis na predaj, kúpu a prenájom nehnuteľností | ||
| 500 | |a Reg. Číslo:1313/95 | ||
| 500 | |a Podnázov do r. 1997: špecializovaný časopis na predaj, kúpu a prenájom nehnuteľností a odborné poradenstvo | ||
| 500 | |a V č. 1-2/2009 je nesprávne uvedený ročník 14, má byť ročník 15 | ||
| 515 | |a Niektoré čísla vychádzajú ako dvojčíslo | ||
| 650 | 0 | 7 | |a nehnuteľnosti |2 SNKPH |9 3653 |
| 650 | 0 | 7 | |a pozemky |2 SNK |9 15852 |
| 650 | 0 | 7 | |a predaj |2 SNK |9 13334 |
| 655 | 7 | |a inzertné časopisy |2 SNKPH |9 70809 | |
| 710 | 0 | |a Kardoš, Ľubomír |4 pbl |9 267847 | |
| 710 | 2 | |a Slovenské reality (Bratislava, Slovensko) |4 pbl |9 267848 | |
| 785 | 0 | 0 | |t RealitySK |w vtls010452133 |
| 850 | |a Štátna vedecká knižnica v Prešove | ||
| 910 | |a snk | ||
| 999 | |c 4158 |d 6088 | ||
| 952 | |0 0 |1 0 |4 0 |7 0 |a SNK |b SNK |d 2005-05-11 |i snkČSP 2544/2004 |l 0 |o snkČSB 5312/4/1998 D1 |p 17A0469235 |r 2026-02-21 19:41:38 |t č. 1 - 25/26 |w 2026-02-21 |y PREZ | ||
| 952 | |0 0 |1 0 |4 0 |7 0 |a SNK |b SNK |d 2005-05-11 |i snkČSP 2550/2004 |l 0 |o snkČSB 5312/3/1997 D1 |p 17A0469240 |r 2026-02-21 19:41:38 |t č. 1 - 12, úpl. |w 2026-02-21 |y PREZ | ||
| 952 | |0 0 |1 0 |4 0 |7 0 |a SNK |b SNK |d 2024-02-28 |i snkČSP 2550/2004 |l 0 |o snkČSB 5312/3/1997 D1 |p 17A1346041 |r 2026-02-21 19:48:52 |t č. 1-24 |w 2026-02-21 |y PREZ | ||
| 952 | |0 0 |1 0 |3 rekatalogizácia |4 0 |7 0 |a SNK |b SNK |d 2008-04-28 |i snkČSP 2534/2004 |l 0 |o snkČSB 5312/9/2003 D1 |p 17A0585161 |r 2026-02-21 21:12:10 |t č. 1-24, úplný |w 2026-02-21 |y PREZ | ||
| 952 | |0 0 |1 0 |4 0 |7 0 |8 0 |a SNK |b SNK |d 2016-06-23 |f 1 |i snk2016/16278 |l 0 |o snkČSB 5312/10/2004/1 |p 17A1100486 |r 2026-02-21 21:47:14 |t č. 1-12 |w 2026-02-21 |y PREZ | ||
| 952 | |0 0 |1 0 |4 0 |7 0 |8 0 |a SNK |b SNK |d 2016-06-23 |f 1 |i snk2016/16281 |l 0 |o snkČSB 5312/10/2004/2 |p 17A1100485 |r 2026-02-21 21:47:14 |t č. 13-24 |w 2026-02-21 |y PREZ | ||
| 952 | |0 0 |1 0 |4 0 |7 0 |a SNK |b SNK |d 2016-06-23 |f 1 |i snkČSP 2545/2004 |l 0 |o snkČSB 5312/1/1995 |p 17A0922650 |r 2026-02-21 21:47:14 |t č. 0-1 |w 2026-02-21 |y PREZ | ||
| 952 | |0 0 |1 0 |4 0 |7 0 |a SNK |b SNK |d 2016-06-23 |f 1 |i snkČSP 2547/2004 |l 0 |o snkČSB 5312/2/1996 |p 17A0922649 |r 2026-02-21 21:47:14 |t č. 1-12 |w 2026-02-21 |y PREZ | ||
| 952 | |0 0 |1 0 |4 0 |7 0 |a SNK |b SNK |d 2016-06-23 |f 1 |i snkČSP 2549/2004 |l 0 |o snkČSB 5312/3/1997 |p 17A0922645 |r 2026-02-21 21:47:14 |t č. 1-12 |w 2026-02-21 |y PREZ | ||
| 952 | |0 0 |1 0 |4 0 |7 0 |a SNK |b SNK |d 2016-06-23 |f 1 |i snkČSP 2543/2004 |l 0 |o snkČSB 5312/4/1998 |p 17A0922644 |r 2026-02-21 21:47:14 |t č. 1-26 |w 2026-02-21 |y PREZ | ||
| 952 | |0 0 |1 0 |4 0 |7 0 |a SNK |b SNK |d 2016-06-23 |f 1 |i snkČSP 2539/2004 |l 0 |o snkČSB 5312/5/1999 |p 17A0922670 |r 2026-02-21 21:47:14 |t č. 1-24 |w 2026-02-21 |y PREZ | ||
| 952 | |0 0 |1 0 |4 0 |7 0 |a SNK |b SNK |d 2016-06-23 |f 1 |i snkČSP 2538/2004 |l 0 |o snkČSB 5312/7/2001 |p 17A0985106 |r 2026-02-21 21:47:14 |t č. 1-24 |w 2026-02-21 |y PREZ | ||
| 952 | |0 0 |1 0 |4 0 |7 0 |a SNK |b SNK |d 2016-06-23 |f 1 |i snkČSP 2535/2004 |l 0 |o snkČSB 5312/8/2002 |p 17A0985113 |r 2026-02-21 21:47:15 |t č. 1-24 |w 2026-02-21 |y PREZ | ||
| 952 | |0 0 |1 0 |4 0 |7 0 |a SNK |b SNK |d 2016-06-23 |f 1 |i snkČSP 2533/2004 |l 0 |o snkČSB 5312/9/2003 |p 17A0985114 |r 2026-02-21 21:47:15 |t č. 1-24 |w 2026-02-21 |y PREZ | ||
| 952 | |0 0 |1 0 |4 0 |7 0 |a SNK |b SNK |d 2016-06-27 |f 1 |i snkČSP 2541/2004 |l 0 |o snkČSB 5312/6/2000 |p 17A0922668 |r 2026-02-21 21:47:19 |t č. 1-24, neúplné |w 2026-02-21 |y PREZ |z Chýba č. 2-24 | ||
| 952 | |0 0 |1 0 |4 0 |7 0 |8 0 |a SNK |b SNK |d 2016-06-24 |f 1 |i snk2016/16053 |l 0 |o snkČSB 5312/11/2005/1 |p 17A1100483 |r 2026-02-21 21:47:23 |t č. 1-12 |w 2026-02-21 |y PREZ | ||
| 952 | |0 0 |1 0 |4 0 |7 0 |8 0 |a SNK |b SNK |d 2016-06-24 |f 1 |i snk2016/16056 |l 0 |o snkČSB 5312/11/2005/2 |p 17A1100482 |r 2026-02-21 21:47:23 |t č. 13-24 |w 2026-02-21 |y PREZ | ||
| 952 | |0 0 |1 0 |4 0 |7 0 |8 0 |a SNK |b SNK |d 2016-06-24 |f 1 |i snk2016/16071 |l 0 |o snkČSB 5312/12/2006/1 |p 17A1100481 |r 2026-02-21 21:47:23 |t č. 1-12 |w 2026-02-21 |y PREZ | ||
| 952 | |0 0 |1 0 |4 0 |7 0 |8 0 |a SNK |b SNK |d 2016-06-24 |f 1 |i snk2016/16080 |l 0 |o snkČSB 5312/12/2006/2 |p 17A1100480 |r 2026-02-21 21:47:23 |t č. 13-24 |w 2026-02-21 |y PREZ | ||
| 952 | |0 0 |1 0 |4 0 |7 0 |8 0 |a SNK |b SNK |d 2016-06-24 |f 1 |i snk2016/16085 |l 0 |o snkČSB 5312/13/2007/1 |p 17A1100479 |r 2026-02-21 21:47:23 |t č. 1-12 |w 2026-02-21 |y PREZ | ||
| 952 | |0 0 |1 0 |4 0 |7 0 |8 0 |a SNK |b SNK |d 2016-06-24 |f 1 |i snk2016/16089 |l 0 |o snkČSB 5312/13/2007/2 |p 17A1100478 |r 2026-02-21 21:47:24 |t č. 13-24 |w 2026-02-21 |y PREZ | ||
| 952 | |0 0 |1 0 |4 0 |7 0 |8 0 |a SNK |b SNK |d 2016-06-24 |f 1 |i snk2016/16094 |l 0 |o snkČSB 5312/14/2008/1 |p 17A1100477 |r 2026-02-21 21:47:24 |t č. 1-12 |w 2026-02-21 |y PREZ | ||
| 952 | |0 0 |1 0 |4 0 |7 0 |8 0 |a SNK |b SNK |d 2016-06-24 |f 1 |i snk2016/16111 |l 0 |o snkČSB 5312/14/2008/2 |p 17A1100476 |r 2026-02-21 21:47:24 |t č. 13-24 |w 2026-02-21 |y PREZ | ||
| 952 | |0 0 |1 0 |4 0 |7 0 |8 0 |a SNK |b SNK |d 2016-06-24 |f 1 |i snk2016/16371 |l 0 |o snkČSB 5312/15/2009/1 |p 17A1100475 |r 2026-02-21 21:47:24 |t č. 1-12 |w 2026-02-21 |y PREZ |z Č. 1-2 nesprávne uvedený roč. 14 | ||
| 952 | |0 0 |1 0 |4 0 |7 0 |8 0 |a SNK |b SNK |d 2016-06-24 |f 1 |i snk2016/16374 |l 0 |o snkČSB 5312/15/2009/2 |p 17A1100474 |r 2026-02-21 21:47:24 |t č. 13-24 |w 2026-02-21 |y PREZ | ||
| 952 | |0 0 |1 0 |4 0 |7 0 |8 0 |a SNK |b SNK |d 2016-06-24 |f 1 |i snk2016/16375 |l 0 |o snkČSB 5312/16/2010 |p 17A1100473 |r 2026-02-21 21:47:24 |t č. 1-22 |w 2026-02-21 |y PREZ | ||
| 952 | |0 0 |1 0 |4 0 |7 0 |8 0 |a SNK |b SNK |d 2016-06-24 |f 1 |i snk2016/16377 |l 0 |o snkČSB 5312/17/2011 |p 17A1100472 |r 2026-02-21 21:47:24 |t č. 1-24 |w 2026-02-21 |y PREZ | ||
| 952 | |0 0 |1 0 |4 0 |7 0 |8 0 |a SNK |b SNK |d 2016-06-24 |f 1 |i snk2016/16379 |l 0 |o snkČSB 5312/18/2012 |p 17A1100471 |r 2026-02-21 21:47:24 |t č. 1-10, neúplné |w 2026-02-21 |y PREZ |z Chýba č. 10 | ||
| 952 | |0 0 |1 0 |4 0 |7 0 |a SNK |b SNK |d 2016-06-29 |i snkČSP 2542/2004 |l 0 |o snkČSB 5312/6/2000 D1 |p 17A1100462 |r 2026-02-21 21:47:25 |t č. 1-24, neúplné |w 2026-02-21 |y PREZ |z Chýba č. 2-24 | ||


